Music Quiz

Random Music or Lyrics Quiz

Mcfly - Bubblewrap Lyrics Quiz Stats

 Plays Quiz not verified by Sporcle

Challenge
Share
Tweet
Embed
Score 0/30 Timer 07:00
0 Plays Today
First Part Lyrics % Correct
'I wish I could bubblewrap my heart,in case i fall and break apart.
93.4%
I'm not God I can't change the stars,and I don't know if there's life on Mars.
91.3%
This is the last time,I give up this heart of mine.
89%
I want nothing to do,with the things you're going through.
87.6%
You're standing in moonlight,but you're black on the inside.
86.9%
This isgoodbye.
85.8%
But I know you hurt,the people that you love and those who care for you.
85.5%
Whodo you think you are to cry?
77.5%
I'm telling you that I'ma broken man who's finally realised.
77.1%
'Cause this is the last timeI give up this heart of mine.
73.4%
You're standing in moonlight,but you're black on the inside.
71.9%
Who do you think you are to cry?This is goodbye.
71.6%
I'm a little dazed and confused,life's a bitch and so are you.
71.2%
Was I just anotherghost that's been in your bed?
69.6%
Did I meannothing at all?
67.9%
First Part Lyrics % Correct
And you wrote the book,on how to be a liar and lose all your friends.
66.8%
I'm telling you that I'ma broken man who's finally realised.
65.8%
'Cause every single sad songyou'll be able to relate
64%
Yeah!Turn on the radio honey,
59%
This is the last time,I give up this heart of mine.
58.5%
you can never talk to me,you're unable to communicate!
54%
This is the last time,I give up this heart of mine.
54%
You're standing in moonlight,but you're black on the inside.
53.1%
I'm telling you that I'ma broken man who's finally realised.
53%
Whodo you think you are to cry?
51.7%
Woah!Don't get all emotional baby,
51.1%
This is goodbye!This is goodbye!
50.2%
I'm telling you that I'ma broken man who's finally realised.
50.1%
All my days have turned into nights,'Cause living without, without, without you in my life.
46.7%
This one Idedicate!
39.7%

You're not logged in!

Compare scores with friends on all Sporcle quizzes.
Join for Free
OR
Log In

You Might Also Like...

Show Comments

Extras

Top Quizzes Today


Score Distribution

Your Account Isn't Verified!

In order to create a playlist on Sporcle, you need to verify the email address you used during registration. Go to your Sporcle Settings to finish the process.

Report this User

Report this user for behavior that violates our Community Guidelines.

Details: